Major North American Pro Sports Teams (Men & Women) - Statistics

General Stats
  • This quiz has been taken 12 times
  • The average score is 130 of 169
Answer Stats
Answer % Correct
Arizona Cardinals
100%
Athletics
100%
Calgary Flames
100%
Carolina Blaze
100%
Carolina Panthers
100%
Chicago Blackhawks
100%
Chicago Bulls
100%
Cincinnati Reds
100%
Colorado Avalanche
100%
Connecticut Sun
100%
Edmonton Oilers
100%
Florida Panthers
100%
Green Bay Packers
100%
Jacksonville Jaguars
100%
Las Vegas Raiders
100%
Los Angeles Lakers
100%
Minnesota Vikings
100%
New England Patriots
100%
New York Giants
100%
New York Jets
100%
New York Rangers
100%
Phoenix Suns
100%
San Francisco 49ers
100%
San Francisco Giants
100%
St. Louis Cardinals
100%
Texas Rangers
100%
Toronto Maple Leafs
100%
Vegas Golden Knights
100%
Winnipeg Jets
100%
Anaheim Ducks
89%
Arizona Diamondbacks
89%
Atlanta Braves
89%
Atlanta Hawks
89%
Boston Bruins
89%
Boston Red Sox
89%
Brooklyn Nets
89%
Carolina Hurricanes
89%
Chicago Bears
89%
Chicago Stars FC
89%
Chicago White Sox
89%
Cincinnati Bengals
89%
Dallas Cowboys
89%
Dallas Stars
89%
Dallas Wings
89%
Denver Broncos
89%
Golden State Warriors
89%
Houston Astros
89%
Houston Texans
89%
Los Angeles Chargers
89%
Los Angeles Dodgers
89%
Los Angeles Kings
89%
Los Angeles Rams
89%
Los Angeles Sparks
89%
Memphis Grizzlies
89%
Milwaukee Brewers
89%
Minnesota Timberwolves
89%
Minnesota Twins
89%
Minnesota Wild
89%
Nashville Predators
89%
New York Islanders
89%
New York Knicks
89%
New York Liberty
89%
New York Mets
89%
New York Yankees
89%
Oklahoma City Spark
89%
Orlando Magic
89%
Ottawa Charge
89%
Ottawa Senators
89%
Philadelphia Eagles
89%
Philadelphia Phillies
89%
Pittsburgh Steelers
89%
Sacramento Kings
89%
San Antonio Spurs
89%
San Jose Sharks
89%
Seattle Kraken
89%
Seattle Mariners
89%
Seattle Seahawks
89%
Tampa Bay Buccaneers
89%
Tennessee Titans
89%
Toronto Blue Jays
89%
Utah Jazz
89%
Utah Mammoth
89%
Atlanta Falcons
78%
Baltimore Orioles
78%
Baltimore Ravens
78%
Buffalo Bills
78%
Buffalo Sabres
78%
Chicago Cubs
78%
Cleveland Browns
78%
Cleveland Guardians
78%
Colorado Rockies
78%
Columbus Blue Jackets
78%
Dallas Mavericks
78%
Denver Nuggets
78%
Detroit Lions
78%
Detroit Pistons
78%
Detroit Tigers
78%
Houston Rockets
78%
Indianapolis Colts
78%
Kansas City Chiefs
78%
LA Clippers
78%
Los Angeles Angels
78%
Miami Dolphins
78%
Miami Marlins
78%
Milwaukee Bucks
78%
Montreal Canadiens
78%
New Orleans Saints
78%
Philadelphia 76ers
78%
Pittsburgh Penguins
78%
Pittsburgh Pirates
78%
Portland Trail Blazers
78%
San Diego Padres
78%
Tampa Bay Lightning
78%
Tampa Bay Rays
78%
Vancouver Canucks
78%
Washington Nationals
78%
Washington Wizards
78%
Boston Celtics
67%
Charlotte Hornets
67%
Chicago Sky
67%
Cleveland Cavaliers
67%
Detroit Red Wings
67%
Golden State Valkyries
67%
Indiana Fever
67%
Indiana Pacers
67%
Kansas City Royals
67%
Miami Heat
67%
Minnesota Lynx
67%
New Jersey Devils
67%
New Orleans Pelicans
67%
New York Sirens
67%
Philadelphia Flyers
67%
Seattle Storm
67%
Seattle Torrent
67%
St. Louis Blues
67%
Toronto Raptors
67%
Toronto Tempo
67%
Utah Royals FC
67%
Vancouver Goldeneyes
67%
Washington Capitals
67%
Washington Commanders
67%
Boston Fleet
56%
Las Vegas Aces
56%
Minnesota Frost
56%
Montreal Victoire
56%
Oklahoma City Thunder
56%
Phoenix Mercury
56%
Portland Fire
56%
Toronto Sceptres
56%
Washington Mystics
56%
Atlanta Dream
44%
Racing Louisville FC
44%
Angel City FC
33%
Bay FC
33%
Chicago Bandits
33%
Gotham FC
33%
North Carolina Courage
33%
Orlando Pride
33%
Portland Thorns FC
33%
Seattle Reign
33%
Texas Volts
33%
Utah Talons
33%
Boston Legacy FC
22%
Denver Summit FC
22%
Houston Dash
22%
Kansas City Current
22%
Portland Cascade
22%
San Diego Wave FC
22%
Washington Spirit
22%
No matching quizzes found
Score Distribution
Percent of People with Each Score
Percentile by Number Answered
Your Score History
You have not taken this quiz